10 Most Populous Cities in Massachusetts - Statistics

General Stats
  • This quiz has been taken 17 times
  • The average score is 7 of 10
Answer Stats
Population City % Correct
646,622 Boston
100%
118,212 Cambridge
86%
153,136 Springfield
79%
208,476 Worcester
79%
113,907 Lowell
71%
100,595 New Bedford
71%
101,635 Quincy
71%
93,806 Fall River
64%
101,287 Lynn
50%
104,683 Brockton
43%
No matching quizzes found
Score Distribution
Percent of People with Each Score
Percentile by Number Answered
Your Score History
You have not taken this quiz